Statistics for Historical Timeline of Canada

Click here to take the quiz!

General Stats

  • This quiz has been taken 89 times
  • The average score is 12 of 16

Answer Stats

YearHintAnswer% Correct
Province of Q_____Province of Quebec
99%
Upper C_____Upper Canada
96%
Lower C_____Lower Canada
96%
Province of C_____Province of Canada
96%
1867C_____Canada
96%
Province of N___ S_____Province of Nova Scotia
89%
1534New F_____New France
88%
Province of N__ B________Province of New Brunswick
88%
Colony of B______ C_______Colony of British Columbia
80%
N___________ ColonyNewfoundland Colony
70%
Dominion of N___________Dominion of Newfoundland
70%
S____ J___'s IslandSaint John's Island
68%
Colony of V________ IslandColony of Vancouver Island
68%
R_____'s LandRupert's Land
53%
N____-W_____ TerritoryNorth-Western Territory
37%
C_______ DistrictColumbia District
32%

Score Distribution

Percentile by Number Answered

Percent of People with Each Score

Your Score History

You have not taken this quiz